02426nam a2200565 a 4500008004100000020001800041041000800059245008500067250001100152260005600163300001200219500015100231653011000382653010700492653002800599653002100627653003500648653002800683653002500711653002400736653004600760653002900806653003500835653003100870653007200901653001900973653003400992653003401026653008001060653002901140653001801169653002901187653003701216653002701253653002301280653002501303653005501328653001401383653007601397653003401473653003601507653006201543700003901605700003801644700003601682700003601718700003101754700003801785700003701823250819t2012 sp a|||f |||| 001 0 spa d a9788498356670 aspa aTratado de Medicina de Familia y Comunitaria. bT.1 /cVerónica Casado Vicente a2a ed. aBarcelona:bEditorial Médica Panamericana;c2012. a1283 p. aCasado Vicente, V. (Coord.). et al. (2012). Tratado de Medicina Familia y Comunitaria. T.1. (2a ed.). Barcelona : Editorial Médica Panamericana. 3aLa medicina de familia y comunitaria. Valores profesionales y perfil profesional del médico de familia. 3aLa atención primaria de salud. Otros ámbitos de actuación de la medicina familiar y comunitaria. aFormación y docencia. aInvestigación. 3aLa comunicación asistencial. aRazonamiento clínico. aGestión clínica. aTrabajo en equipo.  aGestión y organizacion de la actividad. aGestión de la calidad. 4aLos sistemas de información. 3aLa seguridad del paciente. aAspectos legales del ejercicio profesional del médico de familia. 3aLa bioética. aAlimentación y Nutrición. aActividad física y deporte. aFactores de riesgo y problemas cardiovasculares y del sistema circulatorio. aHipertensión arterial. aHiperlipemia. aProblemas respiratorios. aProblemas del sistema digestivo. aProblemas infecciosos. aDiabetes Mellitus. aProblemas tiroideos. aOtro problemas metabólicos y endocrinológicos. aObesidad. aProblemas de la conducta y de la relación. Problemas de salud mental. aConductas de riesgo adictivo. aProblemas del sistema nervioso. aProblemas de la sangre y los órganos hematopoyéticos.1 aCasado Vicente, VerónicaeCoord.1 aCalero Muñoz, Sebastián.eEd.1 aCordón Granados, Ferran.eEd.1 aEzquerra Lezcano, Matilde.eEd.1 aGarcía Olmos, Luis.eEd.1 aGarcía Velasco, Guillermo.eEd.1 aGuerra de la Torre, Gloria.eEd.